<?xml version="1.0" encoding="UTF-8"?>
<record
    xmlns:xsi="http://www.w3.org/2001/XMLSchema-instance"
    xsi:schemaLocation="http://www.loc.gov/MARC21/slim http://www.loc.gov/standards/marcxml/schema/MARC21slim.xsd"
    xmlns="http://www.loc.gov/MARC21/slim">

  <leader>01841nam a2200313 a 4500</leader>
  <controlfield tag="003">CO-PeBPR</controlfield>
  <controlfield tag="005">20260504093800.0</controlfield>
  <controlfield tag="008">260415e2024 ck a|||| n||| 00| 0 spa c</controlfield>
  <datafield tag="020" ind1=" " ind2=" ">
    <subfield code="a">9789588879659</subfield>
  </datafield>
  <datafield tag="040" ind1="0" ind2=" ">
    <subfield code="a">CO-PeBPR</subfield>
    <subfield code="b">spa</subfield>
    <subfield code="c">CO-PeBPR</subfield>
    <subfield code="e">rda</subfield>
  </datafield>
  <datafield tag="041" ind1="0" ind2=" ">
    <subfield code="h">spa</subfield>
  </datafield>
  <datafield tag="082" ind1="0" ind2="4">
    <subfield code="a">345.025 S194r</subfield>
  </datafield>
  <datafield tag="100" ind1="1" ind2=" ">
    <subfield code="a">S&#xE1;nchez Iregui, Felipe</subfield>
    <subfield code="e">autor</subfield>
  </datafield>
  <datafield tag="245" ind1="1" ind2="0">
    <subfield code="a">Redes sociales</subfield>
    <subfield code="b">: del da&#xF1;o virtual a la responsabilidad legal</subfield>
    <subfield code="c">/ Javier Felipe S&#xE1;nchez Iregui ; pr&#xF3;logo de Javier Dar&#xED;o Restrepo</subfield>
  </datafield>
  <datafield tag="250" ind1=" " ind2=" ">
    <subfield code="a">Tercera edici&#xF3;n</subfield>
  </datafield>
  <datafield tag="264" ind1=" " ind2="1">
    <subfield code="a">Bogot&#xE1;, Colombia</subfield>
    <subfield code="b">: Grupo Noriega</subfield>
    <subfield code="b">; Universidad Sergio Arboleda</subfield>
    <subfield code="c">, 2024</subfield>
  </datafield>
  <datafield tag="300" ind1=" " ind2=" ">
    <subfield code="a">211 p&#xE1;ginas</subfield>
    <subfield code="c">; 24 cent&#xED;metros</subfield>
  </datafield>
  <datafield tag="336" ind1=" " ind2=" ">
    <subfield code="a">texto</subfield>
    <subfield code="b">txt</subfield>
    <subfield code="c">rdacontenido</subfield>
  </datafield>
  <datafield tag="337" ind1=" " ind2=" ">
    <subfield code="a">sin mediaci&#xF3;n</subfield>
    <subfield code="b">n</subfield>
    <subfield code="2">rdamedio</subfield>
  </datafield>
  <datafield tag="338" ind1=" " ind2=" ">
    <subfield code="a">volumen</subfield>
    <subfield code="b">nc</subfield>
    <subfield code="2">rdasoporte</subfield>
  </datafield>
  <datafield tag="490" ind1=" " ind2=" ">
    <subfield code="a">Plan Nacional de Lectura, Escritura y Oralidad / Ministerio de las Culturas, las Artes y los Saberes.</subfield>
  </datafield>
  <datafield tag="520" ind1=" " ind2=" ">
    <subfield code="a">Palabras como Trolls, bots, influenciadores, fake news, algoritmos y "validadores de verdad" ya son de uso frecuente entre las personas y profesionales de todas las &#xE1;reas, estratos e intereses. De manera innovadora, este libro se ocupa de la responsabilidad legal, social y &#xE9;tica que comporta el empleo de las plataformas digitales en el ejercicio de la libertad de expresi&#xF3;n y opini&#xF3;n, as&#xED; como la publicaci&#xF3;n de todo tipo de afirmaciones, acusaciones, comentarios o pictogramas (emoticones y emojis) que pueden llegar a tener un efecto positivo o negativo, pero en todo caso, multiplicador. Tomado de la contracubierta del libro.</subfield>
  </datafield>
  <datafield tag="521" ind1=" " ind2=" ">
    <subfield code="a">Recomendado para j&#xF3;venes y adultos.</subfield>
  </datafield>
  <datafield tag="650" ind1="1" ind2="4">
    <subfield code="2">LEMB</subfield>
    <subfield code="a">Redes sociales en l&#xED;nea</subfield>
    <subfield code="x">Legislaci&#xF3;n</subfield>
    <subfield code="z">Am&#xE9;rica Latina</subfield>
  </datafield>
  <datafield tag="650" ind1="1" ind2="4">
    <subfield code="2">LEMB</subfield>
    <subfield code="a">Responsabilidad legal</subfield>
  </datafield>
  <datafield tag="650" ind1="1" ind2="4">
    <subfield code="2">LEMB</subfield>
    <subfield code="a">Libertad de expresi&#xF3;n</subfield>
  </datafield>
  <datafield tag="700" ind1="1" ind2=" ">
    <subfield code="a">Restrepo, Javier Dar&#xED;o</subfield>
    <subfield code="e">prologuista</subfield>
  </datafield>
  <datafield tag="942" ind1=" " ind2=" ">
    <subfield code="2">ddc</subfield>
    <subfield code="c">BK</subfield>
  </datafield>
  <datafield tag="999" ind1=" " ind2=" ">
    <subfield code="c">17848</subfield>
    <subfield code="d">17848</subfield>
  </datafield>
  <datafield tag="952" ind1=" " ind2=" ">
    <subfield code="1">0</subfield>
    <subfield code="2">ddc</subfield>
    <subfield code="4">0</subfield>
    <subfield code="7">0</subfield>
    <subfield code="8">GEN</subfield>
    <subfield code="a">RIBPD</subfield>
    <subfield code="b">RIBPD</subfield>
    <subfield code="c">GEN</subfield>
    <subfield code="o">345.025 S194r</subfield>
    <subfield code="t">Ej.1</subfield>
    <subfield code="p">RIBPD16000</subfield>
    <subfield code="y">BK</subfield>
    <subfield code="d">2026-05-04</subfield>
    <subfield code="e">Dotaci&#xF3;n MinCultura y BNC</subfield>
    <subfield code="l">0</subfield>
    <subfield code="r">2026-05-04 09:40:20</subfield>
  </datafield>
  <datafield tag="952" ind1=" " ind2=" ">
    <subfield code="1">0</subfield>
    <subfield code="2">ddc</subfield>
    <subfield code="4">0</subfield>
    <subfield code="7">0</subfield>
    <subfield code="8">GEN</subfield>
    <subfield code="a">RISRCB</subfield>
    <subfield code="b">RISRCB</subfield>
    <subfield code="c">GEN</subfield>
    <subfield code="o">345.025 S15r</subfield>
    <subfield code="t">Ej.1</subfield>
    <subfield code="p">RISRCB 16000</subfield>
    <subfield code="y">BK</subfield>
    <subfield code="d">2026-05-11</subfield>
    <subfield code="e">Dotaci&#xF3;n Biblioteca Nacional de Colombia</subfield>
    <subfield code="l">0</subfield>
    <subfield code="r">2026-05-11 15:43:58</subfield>
  </datafield>
</record>
